000 00813cab a2200253 4500
001 ABS48762
008 090401t1993 xxu||||| |||| 00| 0 eng d
035 _a(Sirsi) u68450
041 _aeng
100 _aParkyn, Neil
245 _aHow to avoid a law suit
260 _c1993
350 _a0
490 _aArchitects` Journal
_v197(22) 2 June 1993, 26-27(2)
520 _aSuggests the advantages, most importantly the avoidance of expensive court proceedings, for architects in employing a construction contract consultant.
650 _aBUILT ENVIRONMENT-BUILDING CONTRACT FORMS
650 _aCLAIMS CONSULTANTS
650 _aCONSULTANTS
650 _aCONTRACT CONSULTANTS
650 _aSMALL CLAIMS
690 _aBUILT ENVIRONMENT-BUILDING CONTRACT FORMS
942 _n0
948 _c04/03/1997
999 _c42946
_d42946